液晶ディスプレイLCDのフォントにTBUDゴシックを採用している鉄道会社 - Statistics

General Stats
  • This quiz has been taken 78 times
    36 since last reset
  • The average score is 22 of 30
Answer Stats
鉄道 搭載形式 % Correct
東日本旅客鉄道 E233系7000番台、E131系
96%
東海旅客鉄道 315系
96%
西日本旅客鉄道 321系、225系など
96%
東武鉄道 70000系、60000系など
96%
京成電鉄 3100形
93%
京浜急行電鉄 1000形、2100形など
93%
西武鉄道 40000系、30000系など
93%
東急電鉄 5000系、5050系など
93%
東京地下鉄 18000系、17000系など
93%
小田急電鉄 5000形、4000形など
89%
京王電鉄 5000系
89%
近畿日本鉄道 80000系
89%
阪急電鉄 1000系、8000系など
86%
西日本鉄道 9000形
86%
南海電気鉄道 8300系
82%
東京都交通局 6500形、5500形など
82%
相模鉄道 12000系、9000系
79%
名古屋鉄道 9500系、3150系など
79%
大阪市高速電気軌道 30000系、30000A系
71%
横浜市交通局 10000形
57%
名古屋市交通局 N3000形、N1000形など
57%
新京成電鉄 80000形
54%
京都市交通局 20系
54%
神戸市交通局 6000形
54%
札幌市交通局 5000形、9000形
50%
仙台市交通局 2000系
50%
東京臨海高速鉄道 70-000系
43%
ゆりかもめ 7300系、7300系
32%
横浜高速鉄道 Y500系
32%
首都圏新都市鉄道 TX-2000系
25%
No matching quizzes found
Score Distribution
Percent of People with Each Score
Percentile by Number Answered
Your Score History
You have not taken this quiz since the last reset